[Event "SVK-chT2C 2324"]
[Site "Slovakia"]
[Date "2024.03.17"]
[Round "11.4"]
[White "Turcan, Martin"]
[Black "Jelen, Peter"]
[Result "1/2-1/2"]
[WhiteElo "1940"]
[BlackElo "2026"]
[PlyCount "31"]
[EventDate "2023.10.07"]
[EventType "team-tourn"]
[EventRounds "11"]
[EventCountry "SVK"]
[SourceTitle "EXT 2025"]
[Source "ChessBase"]
[SourceDate "2024.10.14"]
[SourceVersion "1"]
[SourceVersionDate "2024.10.14"]
[SourceQuality "1"]
[WhiteTeam "Zilina Mladost"]
[BlackTeam "Ondrasova Krivan"]
[WhiteTeamCountry "SVK"]
[BlackTeamCountry "SVK"]

1. d4 d5 2. c4 dxc4 3. Nc3 a6 4. a4 Nc6 5. Nf3 Bg4 6. e3 Nf6 7. Bxc4 e6 8. 0-0 Bd6 9. b3 0-0 10. Bb2 Qe7 11. h3 Bh5 12. Be2 Rad8 13. Nd2 Bxe2 14. Qxe2 e5 15. dxe5 Nxe5 16. Nde4 1/2-1/2

[Event "SVK-chT1E 2223"]
[Site "Slovakia"]
[Date "2023.03.12"]
[Round "11.6"]
[White "Heinrich, Jan"]
[Black "Turcan, Martin"]
[Result "0-1"]
[WhiteElo "1845"]
[BlackElo "1976"]
[PlyCount "104"]
[EventDate "2022.10.15"]
[EventType "team-tourn"]
[EventRounds "11"]
[EventCountry "SVK"]
[SourceTitle "EXT 2024"]
[Source "ChessBase"]
[SourceDate "2023.10.10"]
[SourceVersion "1"]
[SourceVersionDate "2023.10.10"]
[SourceQuality "1"]
[WhiteTeam "Kosice Slavia TU"]
[BlackTeam "Zilina Mladost II"]
[WhiteTeamCountry "SVK"]
[BlackTeamCountry "SVK"]

1. d4 e6 2. Nf3 d5 3. c4 c6 4. Qc2 f5 5. g3 Nf6 6. Bg2 Bd6 7. 0-0 0-0 8. Bf4 Bxf4 9. gxf4 Ne4 10. e3 b6 11. Rc1 Bb7 12. Ne5 Nd7 13. Nxd7 Qxd7 14. Nd2 Nxd2 15. Qxd2 Rf6 16. cxd5 exd5 17. Rc3 Rg6 18. Kh1 Rc8 19. Rg1 c5 20. Rcc1 c4 21. Bf3 Rxg1+ 22. Rxg1 g6 23. Qb4 Kf7 24. Re1 Qc6 25. a3 a5 26. Qd2 Qd6 27. Kg2 Qc7 28. h4 b5 29. h5 Rg8 30. hxg6+ Rxg6+ 31. Kf1 Kf6 32. Ke2 Qb6 33. Rh1 b4 34. axb4 axb4 35. Ke1 Qa5 36. Be2 Ba6 37. Qc1 Bb5 38. f3 c3 39. Bxb5 Qxb5 40. Kf2 Qa4 41. Re1 Rh6 42. Rh1 Rg6 43. Re1 Kf7 44. bxc3 b3 45. Re2 Rh6 46. Kg1 Qa6 47. Rg2 Rg6 48. Rxg6 hxg6 49. Kg2 Qa2+ 50. Kg3 b2 51. Qh1 Kg7 52. Qh4 Qa7 0-1

[Event "SVK-chT 2223"]
[Site "Slovakia"]
[Date "2023.02.26"]
[Round "8.4"]
[White "Turcan, Martin"]
[Black "Stevik, Patrik1"]
[Result "0-1"]
[WhiteElo "1960"]
[BlackElo "2148"]
[PlyCount "122"]
[EventDate "2022.10.22"]
[EventType "team-tourn"]
[EventRounds "11"]
[EventCountry "SVK"]
[SourceTitle "EXT 2024"]
[Source "ChessBase"]
[SourceDate "2023.10.10"]
[SourceVersion "1"]
[SourceVersionDate "2023.10.10"]
[SourceQuality "1"]
[WhiteTeam "Zilina Mladost"]
[BlackTeam "Modra"]
[WhiteTeamCountry "SVK"]
[BlackTeamCountry "SVK"]

1. d4 d5 2. c4 e6 3. Nc3 c5 4. e3 cxd4 5. exd4 Nf6 6. Nf3 Be7 7. Bg5 0-0 8. Rc1 Nc6 9. Bd3 dxc4 10. Bxc4 Qb6 11. 0-0 Qxb2 12. Nb5 Na5 13. Rb1 Qxb1 14. Qxb1 Nxc4 15. Rc1 Nb6 16. Nc7 Rb8 17. Bf4 Bd7 18. h3 Rbc8 19. Be5 Bc6 20. Ng5 Nbd7 21. Nb5 Nxe5 22. dxe5 Ne4 23. Nxe4 Bxe4 24. Qb2 Bg5 25. Re1 Bd5 26. Nd6 Rc6 27. Qd4 Ra6 28. a4 Be7 29. Rc1 h6 30. Rc7 Bxd6 31. exd6 Rxd6 32. Qxa7 Ra6 33. Qd4 Bc6 34. Rxc6 bxc6 35. Qc4 Rfa8 36. g3 Rb6 37. Kg2 Ra5 38. Qd4 Rba6 39. Qd8+ Kh7 40. Qd3+ g6 41. Qd7 Ra7 42. Qxc6 Rxa4 43. h4 h5 44. Qd6 Ra2 45. Qf8 R2a5 46. f3 Rf5 47. g4 hxg4 48. fxg4 Rf4 49. Kg3 Raa4 50. Kh3 Rac4 51. h5 gxh5 52. gxh5 Rh4+ 53. Kg3 Rcg4+ 54. Kf3 Rg7 55. Qc5 Kh6 56. Qe3+ Rg5 57. Qa7 Rf5+ 58. Kg3 Rhxh5 59. Qa8 Rhg5+ 60. Kh3 Kg7 61. Qa1+ e5 0-1

[Event "SVK-chT2C 2223"]
[Site "Slovakia"]
[Date "2022.11.13"]
[Round "4.2"]
[White "Doci, Stefan"]
[Black "Turcan, Martin"]
[Result "1-0"]
[WhiteElo "2085"]
[BlackElo "1976"]
[PlyCount "99"]
[EventDate "2022.10.08"]
[EventType "team-tourn"]
[EventRounds "11"]
[EventCountry "SVK"]
[SourceTitle "EXT 2024"]
[Source "ChessBase"]
[SourceDate "2023.10.10"]
[SourceVersion "1"]
[SourceVersionDate "2023.10.10"]
[SourceQuality "1"]
[WhiteTeam "Banska Bystrica Kurta"]
[BlackTeam "Zilina Mladost IV"]
[WhiteTeamCountry "SVK"]
[BlackTeamCountry "SVK"]

1. e4 e6 2. d4 d5 3. exd5 exd5 4. c4 Nf6 5. Nc3 Be7 6. Bd3 0-0 7. Nge2 Nc6 8. a3 a6 9. c5 Bg4 10. f3 Bh5 11. 0-0 Bg6 12. Kh1 b6 13. b4 b5 14. Nf4 Bxd3 15. Qxd3 Qd7 16. Be3 h6 17. Bf2 g5 18. Nfe2 Nh5 19. f4 f5 20. Qh3 Ng7 21. Qxh6 g4 22. Bh4 Kf7 23. Bxe7 Nxe7 24. Qh4 Rh8 25. Qe1 Rh6 26. g3 Re6 27. Qd2 c6 28. Nc1 Kf6 29. Nd3 Qe8 30. Rae1 Ng6 31. Ne5 a5 32. Ra1 a4 33. Rae1 Ne7 34. Rf2 Rd8 35. Rfe2 Qh5 36. Kg1 Qh3 37. Qe3 Qh8 38. Qf2 Qg8 39. Re3 Nc8 40. R1e2 Na7 41. Qe1 Rde8 42. Qf1 Qh7 43. Qg2 R8e7 44. Nxc6 Nxc6 45. Nxd5+ Kf7 46. Nxe7 Nxd4 47. Qd5 Nxe2+ 48. Rxe2 Kxe7 49. Rxe6+ Kf8 50. Rf6+ 1-0

[Event "SVK-chT2C 2223"]
[Site "Slovakia"]
[Date "2022.10.08"]
[Round "1.5"]
[White "Turcan, Martin"]
[Black "Marsina, Stefan"]
[Result "1-0"]
[WhiteElo "1960"]
[BlackElo "1742"]
[PlyCount "49"]
[EventDate "2022.10.08"]
[EventType "team-tourn"]
[EventRounds "11"]
[EventCountry "SVK"]
[SourceTitle "CBM 210 Extra"]
[Source "ChessBase"]
[SourceDate "2022.11.30"]
[SourceVersion "1"]
[SourceVersionDate "2022.11.30"]
[SourceQuality "1"]
[WhiteTeam "Zilina Mladost IV"]
[BlackTeam "Dunajov Martin III"]
[WhiteTeamCountry "SVK"]
[BlackTeamCountry "SVK"]

1. d4 d5 2. c4 e6 3. Nc3 Nf6 4. Bg5 Nbd7 5. cxd5 exd5 6. e3 Be7 7. Bd3 h6 8. Bf4 c6 9. Nge2 b5 10. 0-0 0-0 11. Rc1 a6 12. Bb1 Bb7 13. Qc2 c5 14. Be5 Rc8 15. Qf5 b4 16. Na4 c4 17. Ng3 g6 18. Qh3 Kh7 19. Bf4 Ng8 20. Nf5 Bg5 21. Bd6 Re8 22. Bxb4 Re6 23. Nd6 Rc7 24. Nxf7 Qf6 25. Nxg5+ 1-0

[Event "SVK-chT2C 2122"]
[Site "Slovakia"]
[Date "2022.05.01"]
[Round "11.7"]
[White "Turcan, Martin"]
[Black "Gutzelnig, Frank Michael"]
[Result "1-0"]
[WhiteElo "1987"]
[BlackElo "1619"]
[PlyCount "59"]
[EventDate "2021.10.16"]
[EventType "team-tourn"]
[EventRounds "11"]
[EventCountry "SVK"]
[SourceTitle "EXT 2023"]
[Source "ChessBase"]
[SourceDate "2022.10.05"]
[SourceVersion "1"]
[SourceVersionDate "2022.10.05"]
[SourceQuality "1"]
[WhiteTeam "Zilina Mladost II"]
[BlackTeam "Detva"]
[WhiteTeamCountry "SVK"]
[BlackTeamCountry "SVK"]

1. d4 e5 2. dxe5 Qe7 3. Nf3 Nc6 4. Nc3 Nxe5 5. Nxe5 Qxe5 6. f4 Qd6 7. Bd2 c6 8. e4 Qd4 9. Qf3 d6 10. 0-0-0 Nf6 11. h3 Qb6 12. e5 dxe5 13. fxe5 Nd5 14. Nxd5 cxd5 15. Qxd5 a6 16. Ba5 Qe3+ 17. Kb1 Be7 18. Bb4 Qb6 19. Bxe7 Kxe7 20. Qe4 Be6 21. Rd6 Qc7 22. Qb4 Rad8 23. Rxa6+ Ke8 24. Bb5+ Bd7 25. Rd6 Bxb5 26. Qxb5+ Ke7 27. Rhd1 Qc8 28. Qb4 Rxd6 29. exd6+ Kd7 30. Qg4+ 1-0

[Event "SVK-chT2C 1920"]
[Site "Slovakia"]
[Date "2020.03.08"]
[Round "11.6"]
[White "Turcan, Martin"]
[Black "Mydliar, Jan"]
[Result "1-0"]
[WhiteElo "1951"]
[BlackElo "1912"]
[PlyCount "113"]
[EventDate "2019.10.26"]
[EventType "team-tourn"]
[EventRounds "11"]
[EventCountry "SVK"]
[SourceTitle "CBM 195 Extra"]
[Source "ChessBase"]
[SourceDate "2020.05.31"]
[SourceVersion "1"]
[SourceVersionDate "2020.05.31"]
[SourceQuality "1"]
[WhiteTeam "Zilina Mladost II"]
[BlackTeam "Ruzomberok Montana"]
[WhiteTeamCountry "SVK"]
[BlackTeamCountry "SVK"]

1. d4 Nf6 2. c4 g6 3. Nc3 d5 4. cxd5 Nxd5 5. Bd2 Bg7 6. e4 Nb6 7. Be3 0-0 8. h3 e5 9. Nf3 Nc6 10. d5 Ne7 11. Bxb6 axb6 12. Bc4 Kh8 13. 0-0 Ng8 14. Qe2 Bd7 15. Rfd1 Qe7 16. Rd3 Nf6 17. Qd2 Ne8 18. Bb5 Nd6 19. Bxd7 Qxd7 20. b3 Rae8 21. Re1 h6 22. Kh2 Qe7 23. Qc2 Kh7 24. g3 h5 25. h4 Bh6 26. Na4 Ra8 27. Nc3 Rae8 28. Nb1 Ra8 29. Nc3 Rae8 30. Nb1 Ra8 31. Qb2 Rfe8 32. Nc3 Kg8 33. a4 Qd7 34. Nb1 f6 35. Na3 Qg4 36. Qe2 f5 37. Rc3 fxe4 38. Ng5 Qxe2 39. Rxe2 Bxg5 40. hxg5 Re7 41. Nc4 Rf8 42. Kg2 Rf5 43. Nxd6 cxd6 44. Rxe4 Ref7 45. f3 b5 46. axb5 Rf8 47. b6 Ra8 48. Ra4 Raf8 49. Rac4 e4 50. Rxe4 Rxd5 51. f4 Rb5 52. Re6 Kg7 53. Rxd6 Rf7 54. Re3 Rb4 55. Ree6 h4 56. Rxg6+ Kf8 57. Rgf6 1-0

[Event "SVK-chT2C 1920"]
[Site "Slovakia"]
[Date "2019.11.16"]
[Round "3.8"]
[White "Turcan, Martin"]
[Black "Priechodsky, Radovan"]
[Result "1-0"]
[WhiteElo "1951"]
[BlackElo "1887"]
[PlyCount "63"]
[EventDate "2019.10.26"]
[EventType "team-tourn"]
[EventRounds "11"]
[EventCountry "SVK"]
[SourceTitle "CBM 193 Extra"]
[Source "ChessBase"]
[SourceDate "2020.01.31"]
[SourceVersion "1"]
[SourceVersionDate "2020.01.31"]
[SourceQuality "1"]
[WhiteTeam "Zilina Mladost II"]
[BlackTeam "Liptov Chess School III"]
[WhiteTeamCountry "SVK"]
[BlackTeamCountry "SVK"]

1. d4 d5 2. c4 e6 3. cxd5 exd5 4. Nc3 c6 5. Bf4 Nf6 6. e3 Bd6 7. Bxd6 Qxd6 8. Bd3 0-0 9. Nge2 Re8 10. Qd2 Nbd7 11. 0-0 Ne4 12. Bxe4 dxe4 13. Ng3 Nf6 14. Qc2 Qe7 15. Rac1 h5 16. Nge2 Bf5 17. Rfd1 Rad8 18. Qb3 Bg4 19. Rd2 Bxe2 20. Rxe2 Rd6 21. Qa3 Qd7 22. Rec2 h4 23. h3 Nh7 24. Ne2 g5 25. Kh2 Rf6 26. Rf1 g4 27. Nf4 Kh8 28. Rc5 Rg8 29. Rh5 gxh3 30. gxh3 Rg7 31. Qf8+ Rg8 32. Qc5 1-0

[Event "SVK-chT2C 1920"]
[Site "Slovakia"]
[Date "2019.10.26"]
[Round "1.6"]
[White "Valuska, Jan"]
[Black "Turcan, Martin"]
[Result "0-1"]
[WhiteElo "1932"]
[BlackElo "1959"]
[PlyCount "44"]
[EventDate "2019.10.26"]
[EventType "team-tourn"]
[EventRounds "11"]
[EventCountry "SVK"]
[SourceTitle "CBM 193 Extra"]
[Source "ChessBase"]
[SourceDate "2020.01.31"]
[SourceVersion "1"]
[SourceVersionDate "2020.01.31"]
[SourceQuality "1"]
[WhiteTeam "Zvolen Slavia"]
[BlackTeam "Zilina Mladost II"]
[WhiteTeamCountry "SVK"]
[BlackTeamCountry "SVK"]

1. e4 e6 2. Nc3 d5 3. d3 d4 4. Nce2 Nc6 5. f4 Bb4+ 6. c3 dxc3 7. bxc3 Ba5 8. Nf3 Nf6 9. Ba3 Bd7 10. Rb1 Bb6 11. Nd2 Ng4 12. Nc4 Nf2 13. Qd2 Nxh1 14. d4 Qh4+ 15. g3 Qxh2 16. Qe3 0-0-0 17. Nd2 e5 18. Nf3 exd4 19. Nfxd4 Nxd4 20. cxd4 Bg4 21. Rb3 Bxe2 22. Bxe2 Bxd4 0-1

[Event "SVK-chT2C 1819"]
[Site "Slovakia"]
[Date "2018.12.16"]
[Round "6.7"]
[White "Druska, Robert"]
[Black "Turcan, Martin"]
[Result "1-0"]
[WhiteElo "1895"]
[BlackElo "1913"]
[PlyCount "67"]
[EventDate "2018.10.13"]
[EventType "team-tourn"]
[EventRounds "11"]
[EventCountry "SVK"]
[SourceTitle "CBM 189 Extra"]
[Source "ChessBase"]
[SourceDate "2019.05.31"]
[SourceVersion "1"]
[SourceVersionDate "2019.05.31"]
[SourceQuality "1"]
[WhiteTeam "Ruzomberok Montana"]
[BlackTeam "Zilina Mladost II"]
[WhiteTeamCountry "SVK"]
[BlackTeamCountry "SVK"]

1. e4 e6 2. Qe2 d5 3. d3 dxe4 4. dxe4 Nf6 5. Nc3 Bb4 6. Nf3 Nc6 7. g3 Nd4 8. Nxd4 Qxd4 9. Bd2 Bd7 10. Bg2 Bc6 11. 0-0 0-0 12. Rad1 Qe5 13. g4 h6 14. Kh1 Qc5 15. f4 Bxc3 16. Bxc3 Bb5 17. Qf3 Bxf1 18. Rxf1 Rad8 19. g5 hxg5 20. fxg5 Qxg5 21. Rg1 Qh6 22. Bf1 Ne8 23. Rg3 Qc1 24. Bxg7 Nxg7 25. Qf6 Qxf1+ 26. Qxf1 f6 27. Qc4 Rd1+ 28. Kg2 Rd2+ 29. Kf3 Rf7 30. Qxe6 Rxh2 31. Qc8+ Kh7 32. Qxb7 Nh5 33. Qd5 Re7 34. Qg8+ 1-0

[Event "Oravska Priehrada op"]
[Site "Namestovo"]
[Date "2017.08.27"]
[Round "7"]
[White "Geleta, Andrej"]
[Black "Turcan, Martin"]
[Result "0-1"]
[WhiteElo "1731"]
[BlackElo "1953"]
[PlyCount "126"]
[EventDate "2017.08.25"]
[EventType "swiss"]
[EventRounds "7"]
[EventCountry "SVK"]
[SourceTitle "CBM 180 Extra"]
[Source "ChessBase"]
[SourceDate "2017.10.06"]
[SourceVersion "1"]
[SourceVersionDate "2017.10.06"]
[SourceQuality "1"]

1. d4 Nf6 2. Nc3 g6 3. g3 Bg7 4. Bg2 0-0 5. e3 d5 6. Nf3 Bg4 7. h3 Bxf3 8. Qxf3 c6 9. Bd2 Nbd7 10. 0-0 e5 11. dxe5 Nxe5 12. Qd1 Qd7 13. Ne2 Nc4 14. Bc1 Nd6 15. Rb1 Nfe4 16. b3 Qf5 17. Nd4 Qd7 18. Bb2 Rfe8 19. Ne2 Bxb2 20. Rxb2 Rad8 21. Kh2 f5 22. Qd3 Nf7 23. Rbb1 Qc7 24. c3 Re7 25. Rbd1 Rde8 26. Kg1 Qb6 27. Bxe4 fxe4 28. Qd4 Qa6 29. Nf4 Ne5 30. Kg2 Nf3 31. Qf6 Qa3 32. c4 Rf7 33. Qc3 Qc5 34. b4 Qxc4 35. Qxc4 dxc4 36. Rc1 b5 37. Rfd1 g5 38. Ne2 Ne5 39. Nc3 Nd3 40. Rc2 Nxb4 41. Rcd2 Nd3 42. a3 a5 43. Ra1 Rd7 44. Kg1 h6 45. Rf1 b4 46. Nb1 c3 47. Rc2 Ne5 48. axb4 axb4 49. Nxc3 bxc3 50. Rxc3 Rd2 51. Rc5 Kf7 52. Kg2 Ke6 53. g4 Kd6 54. Ra5 Rf8 55. Ra4 Kd5 56. Ra7 Nd3 57. Rd7+ Ke6 58. Rh7 Rf6 59. Kg3 Nxf2 60. h4 Rf3+ 61. Kg2 Nxg4+ 62. Kg1 Rg3+ 63. Kh1 Rh2# 0-1

[Event "Oravska Priehrada op"]
[Site "Namestovo"]
[Date "2017.08.27"]
[Round "6"]
[White "Turcan, Martin"]
[Black "Kacir, Tomas"]
[Result "1/2-1/2"]
[WhiteElo "1953"]
[BlackElo "1727"]
[PlyCount "38"]
[EventDate "2017.08.25"]
[EventType "swiss"]
[EventRounds "7"]
[EventCountry "SVK"]
[SourceTitle "CBM 180 Extra"]
[Source "ChessBase"]
[SourceDate "2017.10.06"]
[SourceVersion "1"]
[SourceVersionDate "2017.10.06"]
[SourceQuality "1"]

1. d4 Nf6 2. c4 e6 3. Nc3 d5 4. cxd5 Nxd5 5. Bd2 c5 6. Nf3 Nc6 7. e3 cxd4 8. exd4 Nxc3 9. bxc3 Bd6 10. Bd3 Qc7 11. 0-0 h6 12. h3 0-0 13. Qc1 b6 14. Re1 f5 15. Bc2 Rf6 16. c4 Nb4 17. Ne5 Bb7 18. Bxb4 Bxb4 19. Re3 Rd8 1/2-1/2

[Event "Oravska Priehrada op"]
[Site "Namestovo"]
[Date "2017.08.26"]
[Round "4"]
[White "Dzwierzynski, Bartosz"]
[Black "Turcan, Martin"]
[Result "1/2-1/2"]
[WhiteElo "1820"]
[BlackElo "1953"]
[PlyCount "39"]
[EventDate "2017.08.25"]
[EventType "swiss"]
[EventRounds "7"]
[EventCountry "SVK"]
[SourceTitle "CBM 180 Extra"]
[Source "ChessBase"]
[SourceDate "2017.10.06"]
[SourceVersion "1"]
[SourceVersionDate "2017.10.06"]
[SourceQuality "1"]

1. d4 Nf6 2. c4 g6 3. Nc3 Bg7 4. e4 d6 5. f3 0-0 6. Be3 Nbd7 7. Qd2 e5 8. d5 a6 9. g4 Rb8 10. Nge2 b5 11. Ng3 bxc4 12. h4 Nb6 13. h5 Re8 14. Qh2 c6 15. hxg6 hxg6 16. Bh6 Bh8 17. Bg5 Bg7 18. Bh6 Bh8 19. Bg5 Bg7 20. Bh6 1/2-1/2

[Event "Zilina-ch"]
[Site "Zilina"]
[Date "2014.05.09"]
[Round "1"]
[White "Turcan, Martin"]
[Black "Zatko, Gregor"]
[Result "0-1"]
[WhiteElo "1943"]
[BlackElo "2156"]
[PlyCount "74"]
[EventDate "2014.05.09"]
[EventType "swiss"]
[EventRounds "6"]
[EventCountry "SVK"]
[SourceTitle "CBM 160 Extra"]
[Source "ChessBase"]
[SourceDate "2014.07.01"]
[SourceVersion "1"]
[SourceVersionDate "2014.07.01"]
[SourceQuality "1"]

1. d4 Nf6 2. c4 e6 3. Nc3 Bb4 4. f3 0-0 5. e4 c5 6. Be3 cxd4 7. Bxd4 Nc6 8. a3 Bxc3+ 9. Bxc3 d5 10. Qc2 d4 11. Bd2 Nh5 12. Nh3 f5 13. Bd3 f4 14. 0-0-0 e5 15. Nf2 Be6 16. Rdg1 a5 17. Ng4 a4 18. g3 Kh8 19. gxf4 Nxf4 20. Bxf4 Rxf4 21. Qe2 Bxg4 22. Rxg4 Rxg4 23. fxg4 Na5 24. Kb1 Nb3 25. Rf1 Qg5 26. Kc2 h6 27. h3 Rc8 28. Qe1 b5 29. Rf5 Qe7 30. Kb1 bxc4 31. Bc2 c3 32. Qg3 cxb2 33. Kxb2 Qc5 34. Rf2 d3 35. Bxb3 Qc1+ 36. Ka2 axb3+ 37. Kxb3 Rb8+ 0-1

[Event "Zilina op"]
[Site "Zilina"]
[Date "2013.08.31"]
[Round "4"]
[White "Sibrava, Patrik"]
[Black "Turcan, Martin"]
[Result "1-0"]
[WhiteElo "1000"]
[BlackElo "1927"]
[PlyCount "85"]
[EventDate "2013.08.29"]
[EventType "swiss"]
[EventRounds "7"]
[EventCountry "SVK"]
[SourceTitle "CBM 156 Extra"]
[Source "ChessBase"]
[SourceDate "2013.10.22"]
[SourceVersion "1"]
[SourceVersionDate "2013.10.22"]
[SourceQuality "1"]

1. e4 e5 2. Nf3 Nc6 3. Bb5 a6 4. Bxc6 dxc6 5. Nc3 Bd6 6. d3 Bg4 7. h3 Bh5 8. g4 Bg6 9. Be3 Nf6 10. Qd2 Qe7 11. a3 h6 12. Ne2 0-0-0 13. Qa5 Nd7 14. b4 h5 15. g5 f5 16. gxf6 gxf6 17. Nc1 Qh7 18. Nb3 Bxe4 19. dxe4 Qxe4 20. Nbd2 Qxc2 21. Ke2 e4 22. Ne1 Qc3 23. Ra2 f5 24. Rc2 Qf6 25. Rxc6 Nb8 26. Qxc7+ Bxc7 27. Rxf6 Rd5 28. Rg1 Nd7 29. Rfg6 Ne5 30. Rg8+ Rxg8 31. Rxg8+ Kd7 32. Rg5 Ke6 33. Rxh5 Bd8 34. Bg5 Bxg5 35. Rxg5 Rxd2+ 36. Kxd2 Nc4+ 37. Ke2 Nxa3 38. h4 Nc4 39. h5 Ne5 40. f4 Ng4 41. h6 Nf6 42. Rg7 Nd5 43. h7 1-0

[Event "Zilina op"]
[Site "Zilina"]
[Date "2013.08.29"]
[Round "2"]
[White "Mazur, Samuel"]
[Black "Turcan, Martin"]
[Result "0-1"]
[WhiteElo "1537"]
[BlackElo "1927"]
[PlyCount "38"]
[EventDate "2013.08.29"]
[EventType "swiss"]
[EventRounds "7"]
[EventCountry "SVK"]
[SourceTitle "CBM 156 Extra"]
[Source "ChessBase"]
[SourceDate "2013.10.22"]
[SourceVersion "1"]
[SourceVersionDate "2013.10.22"]
[SourceQuality "1"]

1. e4 e5 2. Nf3 Nc6 3. Nc3 Bc5 4. Bb5 d6 5. h3 Nf6 6. d3 a6 7. Bxc6+ bxc6 8. Bg5 h6 9. Bh4 Be6 10. 0-0 g5 11. Nxg5 hxg5 12. Bxg5 Rg8 13. h4 Rxg5 14. hxg5 Ng4 15. Qd2 Kd7 16. g3 Nh2 17. Kxh2 Qh8+ 18. Kg2 Qh3+ 19. Kf3 Bg4# 0-1

[Event "Zilina Region-ch"]
[Site "Zilina"]
[Date "2013.05.19"]
[Round "6"]
[White "Hrnciar, Roman"]
[Black "Turcan, Martin"]
[Result "1/2-1/2"]
[WhiteElo "2094"]
[BlackElo "1903"]
[PlyCount "123"]
[EventDate "2013.05.17"]
[EventType "swiss"]
[EventRounds "6"]
[EventCountry "SVK"]
[SourceTitle "CBM 154 Extra"]
[Source "ChessBase"]
[SourceDate "2013.06.25"]
[SourceVersion "2"]
[SourceVersionDate "2013.06.25"]
[SourceQuality "1"]

1. f4 d5 2. e3 Nf6 3. Nf3 Bg4 4. b3 e6 5. Bb2 Be7 6. Be2 Bxf3 7. Bxf3 0-0 8. 0-0 c5 9. c4 Nc6 10. d3 d4 11. Bxc6 bxc6 12. e4 Nd7 13. Nd2 e5 14. f5 Bg5 15. Nf3 Be3+ 16. Kh1 Qf6 17. Bc1 Qh6 18. Qe1 Bxc1 19. Rxc1 a5 20. g4 g5 21. f6 Qg6 22. h4 h6 23. h5 Qh7 24. Qg3 Rfe8 25. Ng1 Re6 26. Rf5 Qh8 27. Rcf1 Kh7 28. Qf2 Qg8 29. Nf3 Rae8 30. Qd2 Rxf6 31. Nxg5+ hxg5 32. Rxf6 Nxf6 33. Rxf6 Re6 34. Rf5 f6 35. Qxa5 Qf8 36. Qc7+ Qg7 37. Qc8 Qe7 38. a4 Kg7 39. Rf2 Qe8 40. Qc7+ Re7 41. Qd6 Re6 42. Qxc5 Qc8 43. b4 Qd7 44. Rf5 Re8 45. b5 cxb5 46. Qxb5 Qe7 47. Qb6 Rf8 48. c5 Rc8 49. c6 Qd6 50. Qb7+ Rc7 51. Qa8 Qxc6 52. h6+ Kf7 53. Qh8 Qc1+ 54. Kg2 Rc2+ 55. Rf2 Rxf2+ 56. Kxf2 Qe3+ 57. Kg2 Qe2+ 58. Kh1 Qf3+ 59. Kh2 Qf2+ 60. Kh1 Qh4+ 61. Kg1 Qxg4+ 62. Kh1 1/2-1/2